Slovenský priemysel a jeho perspektíva
Bilancia priemyslu Slovenskej republiky. Dosiahnuté výsledky a výnosy. Úspešné slovenské podniky na medzinárodných trhoch. Najdynamickejšie priemyselné odvetvia. Negatívne a pozitívne trendy. Spomaľovanie exportnej dynamiky slovenských exportérov. Predpoklady rozvoja priemyslu SR, trendy koncentráci...
Salvato in:
| Autore principale: | |
|---|---|
| Natura: | Capitolo di libro |
| Lingua: | slovacco |
| Soggetti: | |
| Tags: |
Nessun Tag, puoi essere il primo ad aggiungerne!!
|
MARC
| LEADER | 00000naa a2200000 4500 | ||
|---|---|---|---|
| 001 | r032964 | ||
| 005 | 20230825100933.9 | ||
| 041 | 0 | |a slo | |
| 044 | |a SK | ||
| 245 | 1 | 0 | |a Slovenský priemysel a jeho perspektíva |c Jana Černá |
| 520 | |a Bilancia priemyslu Slovenskej republiky. Dosiahnuté výsledky a výnosy. Úspešné slovenské podniky na medzinárodných trhoch. Najdynamickejšie priemyselné odvetvia. Negatívne a pozitívne trendy. Spomaľovanie exportnej dynamiky slovenských exportérov. Predpoklady rozvoja priemyslu SR, trendy koncentrácie. | ||
| 610 | 2 | 0 | |a priemysel |
| 610 | 2 | 0 | |a Slovensko |
| 610 | 2 | 0 | |a odvetvia priemyselné |
| 610 | 2 | 0 | |a odvetvia výrobné |
| 610 | 2 | 0 | |a tržby |
| 610 | 2 | 0 | |a zisk |
| 610 | 2 | 0 | |a podpora vývozu |
| 610 | 2 | 0 | |a koncentrácia |
| 610 | 2 | 0 | |a údaje štatistické |
| 100 | 1 | |a Černá, Jana | |